Собрание сочинений. Т. 2: Записки ополченца (Запись № 13577315)

Подробности
000 -МАРКЕР
контрольное поле 01425nam2a2200301 4500
001 - ИДЕНТИФИКАТОР ЗАПИСИ
контрольное поле rc\2855953
005 - ИДЕНТИФИКАТОР ВЕРСИИ
контрольное поле 20260318165658.0
035 ## - ДРУГИЕ СИСТЕМНЫЕ НОМЕРА
Идентификатор записи (NLR Aleph) 007010549
100 ## - ДАННЫЕ ОБЩЕЙ ОБРАБОТКИ
Данные общей обработки 20110707d1927 u y0rusy50 ca
101 0# - ЯЗЫК РЕСУРСА
Язык текста, звукозаписи и т.д. русский
102 ## - СТРАНА ПУБЛИКАЦИИ ИЛИ ПРОИЗВОДСТВА
Страна публикации Российская Федерация
105 ## - ПОЛЕ КОДИРОВАННЫХ ДАННЫХ: ТЕКСТОВЫЕ МАТЕРИАЛЫ, МОНОГРАФИЧЕСКИЕ
Кодированные данные о монографическом текстовом документе a z |||a|
200 1# - ЗАГЛАВИЕ И СВЕДЕНИЯ ОБ ОТВЕТСТВЕННОСТИ
Основное заглавие Записки ополченца
Первые сведения об ответственности [вводн. ст. Н.Н. Фатова и А.И. Ревякина]
205 ## - СВЕДЕНИЯ ОБ ИЗДАНИИ
Сведения об издании Изд. 5-е
210 ## - ПУБЛИКАЦИЯ, РАСПРОСТРАНЕНИЕ И ДР.
Дата издания, распространения и т.д. 1927
215 ## - ФИЗИЧЕСКАЯ ХАРАКТЕРИСТИКА
Специфическое обозначение материала и объем 244 с., 1 л. фронт.
300 ## - ОБЩИЕ ПРИМЕЧАНИЯ
Текст примечания Авторы ввод. ст. указаны на общ. тит. л.
461 #0 - УРОВЕНЬ НАБОРА
Встроенное поле 001rc\2855951
-- 2001#$aСобрание сочинений$eв десяти томах$fНиколай Степной$gобложка: А.П. Кузьмин$vТ. 2
-- 700#1$aСтепной$bН. А.$gНиколай Александрович$f1878-1947
Системный номер (АБИС) связанной записи 5809952
Автор Степной, Н. А. (1878-1947)
Место публикации Москва
Дата публикации 1927-1929
Первые сведения об ответственности Николай Степной
Имя издателя, распространителя и т.д. издательство ВОКП
Сведения, относящиеся к заглавию в десяти томах
Заглавие Собрание сочинений
Номер тома Т. 2
702 #1 - ИМЯ ЛИЦА - ВТОРИЧНАЯ ОТВЕТСТВЕННОСТЬ
Начальный элемент ввода Фатов
Часть имени, кроме начального элемента ввода Н. Н.
Даты 1887-1961
Расширение инициалов личного имени Николай Николаевич
Код отношения Автор введения, предисловия, примечания и т.п.
702 #1 - ИМЯ ЛИЦА - ВТОРИЧНАЯ ОТВЕТСТВЕННОСТЬ
Начальный элемент ввода Ревякин
Часть имени, кроме начального элемента ввода А. И.
Даты 1900-1983
Расширение инициалов личного имени Александр Иванович
Код отношения Автор введения, предисловия, примечания и т.п.
801 #0 - ИСТОЧНИК ЗАПИСИ
Страна Российская Федерация
Организация NLR
Правила каталогизации psbo
801 #1 - ИСТОЧНИК ЗАПИСИ
Страна Российская Федерация
Организация ELAR
Источник данных rusmarc
801 #2 - ИСТОЧНИК ЗАПИСИ
Страна Российская Федерация
Организация NLR
Дата составления 20140220
Источник данных rusmarc
852 ## - МЕСТОНАХОЖДЕНИЕ И ШИФР ХРАНЕНИЯ
Идентификатор организации NLR
Шифр хранения (Call Number) 49/413(2)
942 ## - ДОПОЛНИТЕЛЬНЫЕ ЭЛЕМЕНТЫ ЗАПИСИ (АБИС)
Тип экземпляра АБИС Книга
980 ## - КОЛЛЕКЦИЯ
Название коллекции Национальная библиография

Нет доступных экземпляров.